000 00701nam a2200193 a 4500
005 20140305093752.0
008 140305b1993 nyu||||| |||| 00| 0 eng d
041 _aeng
090 _aLB
_b02139
110 _bReports of the Museum of Natural History University of Wisconsin
_915482
245 _aNeotropical hairstreak butterflies
_bnew sister genera of the "Electrostrymon/angulopis" grade of eumaeini (Lepidoptera, Lycaendae, Theclinae)
260 _aNueva York
_bUniversity of Wisconsin
_c1993
300 _a90
650 _aMuseo de historia natural
_99354
650 _aUniversidad de Wisconsin
_915483
650 _aEspecies nuevas
_913627
650 _aLepidopteros
_94756
942 _cImpreso
_2z
999 _c2316
_d2316